| 000 | 00427cam a22001097a 4500 | ||
|---|---|---|---|
| 008 | 180718b1956 xxu||||| |||| 00| 0 eng d | ||
| 082 | _aK33x42 | ||
| 245 |
_aQuestion papers of the advanced and elementary examinations 1952, 1953, 1954, 1955 and 1956 _cby Police Examinations Board, United Kingdom |
||
| 260 |
_aLondon _bHer Majesty's Stationery Office _c1956 |
||
| 300 | _a40p. | ||
| 700 | _aUnited Kingdom. Police Examinations Board | ||
| 999 |
_c429043 _d429043 |
||